| 000 | 00773nam a22002532 4500 | ||
|---|---|---|---|
| 001 | 0000019668 | ||
| 005 | 20151217145918.0 | ||
| 008 | 110118s xx 000 0 eng d | ||
| 020 | _a0826450970 : | ||
| 040 |
_aKABU _cKABU |
||
| 100 | 1 |
_aCollins, Janet. _@0000179510 |
|
| 245 | 1 | 0 |
_aManifesto for learning / _cJanet Collins, Joe Harkin and Melanie Nind. |
| 250 | _a1st ed. | ||
| 260 |
_aLondon : _bContinuum, _c2002. |
||
| 300 | _axvi, 197p. | ||
| 650 | 0 |
_aLearning. _@0000153525 |
|
| 650 | 0 |
_aLearning, Psychology of. _@0000153570 |
|
| 700 | 1 |
_aHarkin, Joe. _@0000179511 |
|
| 700 | 1 |
_aNind, Melanie. _@0000179512 |
|
| 908 | _a110118 | ||
| 950 | _@1 | ||
| 999 |
_c3989 _d3989 |
||